| 000 | 00653cai a22001815a 4500 | ||
|---|---|---|---|
| 001 | L157894 | ||
| 008 | 130625u2013 xxk g 000 0 eng d | ||
| 035 | _a(Sirsi) u157894 | ||
| 041 | 0 | _aeng | |
| 100 | _aGraham, Richard | ||
| 245 | 0 | 0 | _aInvesting in the future |
| 490 |
_aRICS Construction Journal _vFebruary - March 2013, 18-20(3) |
||
| 520 | _aThe article considers why infrastructure is important to the UK and how institutions such as the RICS and its professional members should respond by developing services to support its delivery | ||
| 650 | 2 | 4 | _aINVESTMENT |
| 651 | 4 |
_aUnited Kingdom _y |
|
| 690 |
_aInfrastructure _96246 |
||
| 942 | _n0 | ||
| 999 |
_c121007 _d121007 |
||